De Einstein a Teilhard

保存先:
書誌詳細
第一著者: Georges, Nicolás (著者)
フォーマット: 図書
言語:スペイン語
出版事項: Barcelona Betis 1966
主題:
タグ: タグ追加
タグなし, このレコードへの初めてのタグを付けませんか!

MARC

LEADER 00000nam a2200000 a 4500
001 UCZ6286
003 CL-VaPUC
008 951207e19660000SP |||||||||||||||||spa|d
082 0 4 |a 215  |b GEO  |2 21 
100 0 |a Georges, Nicolás  |e author  |9 350536 
245 1 0 |a De Einstein a Teilhard 
300 |a 230 p 
942 |c BK 
945 |d 19951207 00:00:00  |a aalvarez 
260 |a Barcelona  |b Betis  |c 1966 
600 0 7 |a TEILHARD DE CHARDIN, PIERRE  |2 CL-VaPUC  |9 315457 
650 0 |a Ciencia y religión   |9 321686 
583 |a last modification  |c 19951207 00:00:00  |k Rodrigo Vera 
999 |c 242505  |d 242503 
952 |0 0  |1 2  |4 0  |6 215_000000000000000_GEO_1966  |7 0  |8 A  |9 255521  |a BIBTEO  |b BIBTEO  |d 2019-11-19  |i 2022575  |o 215 GEO 1966  |p 2022575  |r 2019-11-19  |w 2019-11-19  |x Descarte 2019  |y BK  |k ICR